Установка для изучения закона Пашена; Известия Томского политехнического университета [Известия ТПУ]; Т. 313, № 2: Математика и механика. Физика
| Parent link: | Известия Томского политехнического университета [Известия ТПУ]/ Томский политехнический университет (ТПУ).— , 2000- Т. 313, № 2: Математика и механика. Физика.— 2008.— [С. 101-105] |
|---|---|
| Hovedforfatter: | |
| Andre forfattere: | |
| Summary: | Заглавие с титульного листа Электронная версия печатной публикации Описана установка для изучения закона Пашена при изменении давления, расстояния между электродами и испытательного напряжения в диапазонах 105...1 Па, 0...25 мм и 0...30 кВ, соответственно. Приводятся результаты измерения зависимости U=f(p·d) для воздуха. |
| Sprog: | russisk |
| Udgivet: |
2008
|
| Serier: | Математика и механика. Физика |
| Fag: | |
| Online adgang: | http://www.lib.tpu.ru/fulltext/v/Bulletin_TPU/2008/v313/i2/25.pdf |
| Format: | Electronisk Book Chapter |
| KOHA link: | https://koha.lib.tpu.ru/cgi-bin/koha/opac-detail.pl?biblionumber=173509 |
MARC
| LEADER | 00000nla2a2200000 4500 | ||
|---|---|---|---|
| 001 | 173509 | ||
| 005 | 20231031164507.0 | ||
| 035 | |a (RuTPU)RU\TPU\book\188190 | ||
| 035 | |a RU\TPU\book\188186 | ||
| 090 | |a 173509 | ||
| 100 | |a 20091228d2008 k y0rusy50 ca | ||
| 101 | 0 | |a rus | |
| 102 | |a RU | ||
| 135 | |a drnn ---uucaa | ||
| 181 | 0 | |a i | |
| 182 | 0 | |a b | |
| 200 | 1 | |a Установка для изучения закона Пашена |b Электронный ресурс |f В. П. Яновский, А. А. Луканин | |
| 203 | |a Текст |c электронный | ||
| 215 | |a 1 файл (1.2 Мб) | ||
| 225 | 1 | |a Математика и механика. Физика | |
| 230 | |a Электронные текстовые данные (1 файл : 1.2 Мб) | ||
| 300 | |a Заглавие с титульного листа | ||
| 300 | |a Электронная версия печатной публикации | ||
| 320 | |a [Библиогр.: с. 105 (15 назв.)] | ||
| 330 | |a Описана установка для изучения закона Пашена при изменении давления, расстояния между электродами и испытательного напряжения в диапазонах 105...1 Па, 0...25 мм и 0...30 кВ, соответственно. Приводятся результаты измерения зависимости U=f(p·d) для воздуха. | ||
| 337 | |a Adobe Reader | ||
| 461 | 1 | |0 (RuTPU)RU\TPU\book\176237 |t Известия Томского политехнического университета [Известия ТПУ] |f Томский политехнический университет (ТПУ) |d 2000- | |
| 463 | 1 | |0 (RuTPU)RU\TPU\book\188068 |x 1684-8519 |t Т. 313, № 2: Математика и механика. Физика |v [С. 101-105] |d 2008 |p 137 с. | |
| 610 | 1 | |a установки | |
| 610 | 1 | |a излучения | |
| 610 | 1 | |a закон Пашена | |
| 610 | 1 | |a давление | |
| 610 | 1 | |a электроды | |
| 610 | 1 | |a испытательное напряжение | |
| 610 | 1 | |a воздух | |
| 610 | 1 | |a физика | |
| 610 | 1 | |a газовые разряды | |
| 610 | 1 | |a вакуумные установки | |
| 610 | 1 | |a разрядные камеры | |
| 610 | 1 | |a источники напряжения | |
| 610 | 1 | |a однотактные полумостовые инверторы | |
| 610 | 1 | |a электронный ресурс | |
| 700 | 1 | |a Яновский |b В. П. | |
| 701 | 1 | |a Луканин |b А. А. | |
| 801 | 1 | |a RU |b 63413507 |c 20090623 |g PSBO | |
| 801 | 2 | |a RU |b 63413507 |c 20211207 |g PSBO | |
| 856 | 4 | |u http://www.lib.tpu.ru/fulltext/v/Bulletin_TPU/2008/v313/i2/25.pdf | |
| 942 | |c CF | ||